| 000 | 01457nam a2200409 c 4500 | ||
|---|---|---|---|
| 001 | 11555 | ||
| 003 | ES-MaCES | ||
| 005 | 20180205141720.0 | ||
| 008 | 001220s2000 lu t o000 | spa d | ||
| 020 | _a9282895416 | ||
| 035 | _aCES20000018144m | ||
| 040 |
_aES-MaCES _bspa _cES-MaCES |
||
| 245 | 0 | 3 |
_aLa fonction tutorale dans la perspective communautaire _cauteurs, Anne de Blignières-Légeraud ... [et al.] ; pour le Cedefop - Centre européen pour le développment de la formation professionnelle |
| 250 | _a1ère ed | ||
| 260 |
_aLuxembourg _bOffice des publications officielles des Communautés européennes _c2000 |
||
| 300 |
_a62 p. _c21 cm |
||
| 490 | 1 |
_aTTnet dossier _v2 |
|
| 541 | _cCompra | ||
| 650 | 4 |
_aformación en la empresa _927452 |
|
| 650 | 4 |
_aencargado de la formación _929082 |
|
| 650 | 4 |
_adirector de formación _929287 |
|
| 650 | 4 |
_aformación de formadores _929972 |
|
| 650 | 4 |
_aAlemania _926944 |
|
| 650 | 4 |
_aAustria _926933 |
|
| 650 | 4 |
_aEspaña _926964 |
|
| 650 | 4 |
_aFrancia _926943 |
|
| 650 | 4 |
_acomparación _928892 |
|
| 653 | 1 | 0 | _aEducación |
| 650 | 4 |
_929282 _aevaluación del nivel de formación |
|
| 650 | 4 |
_926752 _aUE |
|
| 700 | 1 |
_aBlignières-Légeraud, Anne de _97917 |
|
| 710 | 2 |
_91909 _aCentro Europeo para el Desarrollo de la Formación Profesional |
|
| 830 | 0 |
_aTTnet dossier _v2 _933543 |
|
| 902 | _aLIB Libro | ||
| 942 |
_2CES _cBK _h4.0. |
||
| 999 |
_c11555 _d11555 |
||